| 000 | 00528cam a2200181 4500500 | ||
|---|---|---|---|
| 005 | 20260405003543.0 | ||
| 041 | _afre | ||
| 042 | _adc | ||
| 100 | 1 | 0 |
_aDurand, Jean-Marie _eauthor |
| 245 | 0 | 0 | _aPouvoirs de la lecture |
| 260 | _c2022. | ||
| 500 | _a78 | ||
| 690 | _alecture | ||
| 690 | _aPeter Szendy | ||
| 690 | _aVoix | ||
| 786 | 0 | _nPhilosophie magazine | 162 | 9 | 2022-09-01 | p. 64-64 | 1951-1787 | |
| 856 | 4 | 1 | _uhttps://shs.cairn.info/magazine-philosophie-magazine-2022-9-page-64?lang=fr&redirect-ssocas=7080 |
| 999 |
_c2068679 _d2068679 |
||